Interfaces <A> TIMS-ORSA Journal

Uložené v:
Podrobná bibliografia
Médium: Seriál
Jazyk:English
Vydavateľské údaje: Providence Institute of Management Sciences 1975/76
Predmet:
Tagy: Pridať tag
Žiadne tagy, Buďte prvý, kto otaguje tento záznam!

MARC

LEADER 00000nas2a2200000 4500
001 s006548
005 20240109075925.7
041 0 |a eng 
044 |a US 
245 1 0 |a Interfaces  |b <A> TIMS-ORSA Journal 
264 1 |a Providence  |b Institute of Management Sciences  |c 1975/76 
773 0 |w eu_un_cat*s120480 
610 2 0 |a veda o riadení